| 000 | 00744nam a2200217 i 4500 | ||
|---|---|---|---|
| 001 | 124632 | ||
| 003 | ES-MaACL | ||
| 007 | t| | ||
| 008 | 070413s1931 sp ||||1| spa d | ||
| 100 | 1 |
_aHeyde, Ludwig. _963520 |
|
| 245 | 1 | 0 |
_aCompendio de política social / _cLudwig Heyde ; traducido de la sexta edición alemana y anotado por Rafael Luengo Tapia y Manuel Sánchez Sarto. |
| 260 |
_aBarcelona : _bLabor, _c[1931] |
||
| 300 |
_a384 p., lám. ; _c17 cm. |
||
| 490 | 1 |
_aColección Labor ; _v299, 300 |
|
| 650 | 1 | 4 |
_aPolítica social. _916308 |
| 700 | 1 |
_aLuengo Tapia, Rafael _974639 |
|
| 700 | 1 |
_aSánchez Sarto, Manuel. _9102931 |
|
| 830 | 0 | 0 |
_aColección Labor _v299, 300 _9184254 |
| 852 |
_aES-MaACL _jE-2792 |
||
| 999 |
_c124632 _d124632 |
||